Seasonal variation in the enzymatic activity of the source-sink system of rubber plants in a clonal garden (Record no. 68498)

MARC details
000 -LEADER
fixed length control field 01562nam a2200181Ia 4500
100 ## - MAIN ENTRY--AUTHOR NAME
Personal name Cairo P A R
245 #0 - TITLE STATEMENT
Title Seasonal variation in the enzymatic activity of the source-sink system of rubber plants in a clonal garden
260 ## - PUBLICATION, DISTRIBUTION, ETC. (IMPRINT)
Name of publisher Journal of Rubber Research
Year of publication 2015
300 ## - PHYSICAL DESCRIPTION
Number of Pages 139-147
500 ## - GENERAL NOTE
General note Source Year: 2015
520 ## - SUMMARY, ETC.
Summary, etc Ribulose-1,5-bisphosphate carboxylase oxygenase (Rubisco) is a key enzyme in the reactions of CO2 assimilation in plants. Primary carbohydrates are converted into sucrose, which depends on the sucrose-P synthase (SPS) as a pivotal enzyme. In rubber tree, sucrose hydrolysis can occur intensively in the laticiferous cells of the stem and depends on the invertase (Inv) and sucrose synthase (SuSy) enzyme, producing reducing sugars, which are precursors of latex biosynthesis. The aim of this work was to evaluate seasonal changes in Rubisco, SPS, Inv and SuSy activities of rubber plants in a clonal garden (RRIM 600 and GT 1 clones), during warm/rainy and cold/dry seasons in Lavras, Minas Gerais, Brazil. The climatic differences in warm/rainy and cold/dry periods caused significant changes in all enzymatic activities evaluated. All enzymes had better performances in the warm/rainy period than in cold/dry. Enzymatic activities seemed to be more affected by temperature changes than by precipitation decrease.
650 ## - SUBJECT ADDED ENTRY--TOPICAL TERM
Topical Term Enzyme activities
650 ## - SUBJECT ADDED ENTRY--TOPICAL TERM
Topical Term Hevea brasiliensis
650 ## - SUBJECT ADDED ENTRY--TOPICAL TERM
Topical Term Seasonal variation
650 ## - SUBJECT ADDED ENTRY--TOPICAL TERM
Topical Term Sucrose metabolism
942 ## - ADDED ENTRY ELEMENTS (KOHA)
Koha item type Journals
Holdings
Withdrawn status Lost status Damaged status Not for loan Home library Current library Shelving location Date acquired Serial Enumeration / chronology Koha item type
      Journals RRII Library RRII Library Physiology 17/12/2021 Volume 18, Issue 3 Journals